000 00472nam a2200169Ia 4500
008 221220s9999 xx 000 0 und d
020 _a978-93-85039-43-0
041 _aEnglish
100 _aS. C. Rangwala
245 0 _aTown Planning - A Text Book for Engineering Student 31st Ed.
_cby S. C. Rangwala, K. B. Dalal
250 _a31st
260 _bCharotar Pub.
_aGujarat
_c2021
300 _a256
650 _aBE Computer
700 _aK. B. Dalal
942 _2DDC
_cBK
999 _c19155
_d19155